| 000 | 00386nam a2200145Ia 4500 | ||
|---|---|---|---|
| 008 | 231217s9999 xx 000 0 und d | ||
| 041 | _aEnglish | ||
| 082 | _a001.6424WIN STI R | ||
| 100 | _aStinson, Craig | ||
| 245 | 0 | _aRunning microsoft windows 95 | |
| 260 |
_c1995 _bMicrosoft Press _aWashington |
||
| 300 | _axxxiv+777 | ||
| 650 | _aRunning,microsoft,windows,95 | ||
| 942 | _cAA | ||
| 999 |
_c176163 _d176163 |
||